Normal view
MARC view
- Jones, John Thomas
Entry Personal Name
001 - CONTROL NUMBER
- control field: 50277
003 - CONTROL NUMBER IDENTIFIER
- control field: NUST
005 - DATE AND TIME OF LATEST TRANSACTION
- control field: 20210314134556.0
008 - FIXED-LENGTH DATA ELEMENTS
- fixed length control field: 210314|| aca||aabn | a|a d
040 ## - CATALOGING SOURCE
- Original cataloging agency: NUST
- Transcribing agency: NUST
100 ## - HEADING--PERSONAL NAME
- Personal name: Jones, John Thomas
670 ## - SOURCE DATA FOUND
- Source citation: Work cat.: (NUST): Jones, John Thomas,, Journals of sieges carried on by the army under the duke of Wellington, in Spain, between the years 1811 and 1814, 1827.
